Low emission power generation technologies and energy management / (Record no. 355864)
[ view plain ]
| 000 -LEADER | |
|---|---|
| fixed length control field | 01097cam a2200349 a 4500 |
| 001 - CONTROL NUMBER | |
| control field | 7520051 |
| 003 - CONTROL NUMBER IDENTIFIER | |
| control field | USPCAS-E |
| 005 - DATE AND TIME OF LATEST TRANSACTION | |
| control field | 20180118181416.0 |
| 008 - FIXED-LENGTH DATA ELEMENTS--GENERAL INFORMATION | |
| fixed length control field | 090427s2009 enka b 001 0 eng |
| 010 ## - LIBRARY OF CONGRESS CONTROL NUMBER | |
| LC control number | 2009017411 |
| 020 ## - INTERNATIONAL STANDARD BOOK NUMBER | |
| International Standard Book Number | 9781848211360 |
| 020 ## - INTERNATIONAL STANDARD BOOK NUMBER | |
| International Standard Book Number | 1848211368 |
| 024 ## - OTHER STANDARD IDENTIFIER | |
| Standard number or code | 40017377557 |
| 035 ## - SYSTEM CONTROL NUMBER | |
| System control number | (OCoLC)ocn319691100 |
| 035 ## - SYSTEM CONTROL NUMBER | |
| System control number | (OCoLC)319691100 |
| 035 ## - SYSTEM CONTROL NUMBER | |
| System control number | (NNC)7520051 |
| 040 ## - CATALOGING SOURCE | |
| Original cataloging agency | DLC |
| Transcribing agency | DLC |
| Modifying agency | BWKUK |
| 041 1# - LANGUAGE CODE | |
| Language code of text/sound track or separate title | eng |
| Language code of original | fre |
| 050 00 - LIBRARY OF CONGRESS CALL NUMBER | |
| Classification number | TJ163.3 |
| Item number | .S74713 2009 |
| 082 00 - DEWEY DECIMAL CLASSIFICATION NUMBER | |
| Classification number | 621.042 |
| Edition number | 22 |
| Author Mark | LOW 2009 |
| 130 0# - MAIN ENTRY--UNIFORM TITLE | |
| Uniform title | Stockage et technologies à émission réduite. |
| Language of a work | English. |
| 245 10 - TITLE STATEMENT | |
| Title | Low emission power generation technologies and energy management / |
| Statement of responsibility, etc. | edited by Jean-Claude Sabonnadière. |
| 260 ## - PUBLICATION, DISTRIBUTION, ETC. | |
| Place of publication, distribution, etc. | London ; |
| -- | Hoboken, NJ : |
| Name of publisher, distributor, etc. | ISTE Ltd/John Wiley & Sons, |
| Date of publication, distribution, etc. | 2009. |
| 300 ## - PHYSICAL DESCRIPTION | |
| Extent | xviii, 447 p. : |
| Other physical details | ill. ; |
| Dimensions | 24 cm. |
| 502 ## - DISSERTATION NOTE | |
| Dissertation note | . |
| 504 ## - BIBLIOGRAPHY, ETC. NOTE | |
| Bibliography, etc. note | Includes bibliographical references and index. |
| 650 #0 - SUBJECT ADDED ENTRY--TOPICAL TERM | |
| Topical term or geographic name entry element | Power resources |
| General subdivision | Management. |
| 700 1# - ADDED ENTRY--PERSONAL NAME | |
| Personal name | Sabonnadière, Jean-Claude. |
| 942 ## - ADDED ENTRY ELEMENTS (KOHA) | |
| Source of classification or shelving scheme | |
| Koha item type | Book |
| 948 1# - LOCAL PROCESSING INFORMATION (OCLC); SERIES PART DESIGNATOR (RLIN) | |
| Series part designator, SPT (RLIN) | 20100108 |
| b (OCLC) | c |
| c (OCLC) | jv5 |
| d (OCLC) | MPS |
| Withdrawn status | Lost status | Source of classification or shelving scheme | Damaged status | Not for loan | Collection code | Permanent Location | Current Location | Shelving location | Date acquired | Source of acquisition | Cost, normal purchase price | Total Checkouts | Full call number | Barcode | Date last seen | Price effective from | Koha item type |
|---|---|---|---|---|---|---|---|---|---|---|---|---|---|---|---|---|---|
| US-Pakistan Center for Advanced Studies in Energy (USPCAS-E) | US-Pakistan Center for Advanced Studies in Energy (USPCAS-E) | 12/29/2015 | Iqra | 14207.00 | 621.042 LOW 2009 | CAS-E0001085 | 12/29/2015 | 12/29/2015 | Book |
